| 000 | 04319cgm a2200721Ia 4500 | ||
|---|---|---|---|
| 001 | ocn827336661 | ||
| 003 | OCoLC | ||
| 005 | 20200320191027.0 | ||
| 007 | vd cvaizq | ||
| 008 | 130212s2013 nyu083 e vlger d | ||
| 020 | _c15.95 | ||
| 024 | 1 | _a616892184867 | |
| 035 | _a(OCoLC)827336661 | ||
| 037 |
_bMidwest Tape _nhttp://www.midwesttapes.com |
||
| 040 |
_aTEFMT _cTEFMT _dTEF _dIFA _dZLM _dWACOL |
||
| 041 | 1 |
_ager _aeng _aheb _jeng _hger |
|
| 043 | _ae-gx--- | ||
| 049 | _aWACL | ||
| 050 | 1 | 4 |
_aDD256.5 _b.H58 2013 |
| 082 | 0 | 4 |
_a943.086 _223 |
| 092 |
_aDVD 943.086 _bHit |
||
| 245 | 0 | 0 |
_aHitler's children _h[videorecording] / _cThe Jewish Film Club and Maya Productions ; in co-production with Saxonia Entertainment present ; producer [and] director, Chanoch Ze'evi. |
| 246 | 1 |
_iAt head of title: _aFilm Movement presents |
|
| 250 | _aWidescreen version. | ||
| 260 |
_a[New York] : _bFilm Movement, _c[2013] |
||
| 300 |
_a1 videodisc (83 min.) : _bsd., col. ; _c4 3/4 in. |
||
| 490 | 1 | _aFilm Movement series | |
| 538 | _aDVD, widescreen (16:9) presentation; region 1, NTSC. | ||
| 546 | _aGerman, English or Hebrew dialogue; English subtitles; closed-captioned. | ||
| 500 | _aTitle from container. | ||
| 511 | 0 | _aFeaturing: Niklas Frank, Bettina Goering, Katrin Himmler. | |
| 508 | _aDirector of photography, Yoram Millo ; editor, Arik Lahav Leibovitz ; music, Ophir Leibovitch. | ||
| 521 | 8 | _aMPAA rating: Not rated. | |
| 520 | _aA look at the lives of the descendants of Hitler's top officials and how they are dealing with the legacy of their infamous relatives. | ||
| 520 | _a"Adolf Hitler did not have children, but what of the families of Hermann Gring, Heinrich Himmler and Hans Frank, to name a few? What is it like for the descendants of these top Nazi officials to deal with the legacy left behind by their notorious families? HITLER'S CHILDREN introduces us to the children, grandchildren and nieces and nephews of these infamous men. Among them Niklas Frank, son of Hans Frank and godson of Hitler, who despises his father's past so much that he has spent his entire adult life researching and writing negatively about him, often touring around Germany to lecture against his father and the Nazi regime. And Bettina Gring, the great-niece of Hitler's second in command, Hermann Gring, who lives in voluntary exile in Santa Fe, NM and together with her brother decided to get sterilized so as to not pass on the Gring name or blood. These, and many others, discuss how they have coped with the fact that their last name alone immediately raises images of murder and genocide; and how they have reached a balance between the natural admiration and affection children feel towards their parents, and their innate revulsion of their crimes. Some have been more successful than others at achieving that balance, but each bares, for the first time, the scars that their legacy has left them." -- filmmovement.com | ||
| 500 | _aSpecial feature: short film: Kun 65, directed by Tal Haim Yoffe. | ||
| 600 | 1 | 0 |
_aFrank, Niklas, _d1939- _95878651 |
| 600 | 1 | 0 |
_aGoering, Bettina. _95878652 |
| 600 | 1 | 0 |
_aHimmler, Katrin, _d1967- _95878653 |
| 650 | 0 |
_aChildren of Nazis _vInterviews. _95878654 |
|
| 650 | 0 |
_aChildren of Nazis _zGermany _xHistory. _95878655 |
|
| 650 | 0 |
_aNational socialism _xPsychological aspects. _9101388 |
|
| 650 | 0 |
_aHolocaust, Jewish (1939-1945) _xPsychological aspects. _985378 |
|
| 650 | 0 |
_aConflict of generations _zGermany. _95878656 |
|
| 650 | 0 |
_aGuilt. _95878657 |
|
| 655 | 7 |
_aDocumentary films. _2lcgft _95878658 |
|
| 655 | 7 |
_aVideo recordings for the hearing impaired. _2lcgft _95878659 |
|
| 700 | 1 |
_aZeevi, Chanoch. _95878660 |
|
| 700 | 1 |
_aFrank, Niklas, _d1939- _95878651 |
|
| 700 | 1 |
_aGoering, Bettina. _95878652 |
|
| 700 | 1 |
_aHimmler, Katrin, _d1967- _95878653 |
|
| 710 | 2 |
_aJewish Film Club (Firm) _95878661 |
|
| 710 | 2 |
_aMaya Productions. _95878662 |
|
| 710 | 2 |
_aSaxonia Entertainment. _95878663 |
|
| 710 | 2 |
_aFilm Movement (Firm) _969830 |
|
| 740 | 0 | 2 | _aKun 65. |
| 740 | 0 | 2 | _aKun sixty-five. |
| 830 | 0 |
_aFilm Movement series. _970219 |
|
| 942 |
_cDVD _017 |
||
| 948 |
_a04/10/2013 _zSirsi |
||
| 994 |
_a02 _bWACOL |
||
| 996 |
_a96807 _b34301001147943 _cDVD _dDVD _ewcl _fi _g17 _h15.95 _lamazon _m943.086 Hit _p04/10/2013 _q08/25/2018 _r08/18/2018 |
||
| 999 |
_c280429 _d280429 |
||